000 00397nam a2200145Ia 4500
008 230711s9999||||xx |||||||||||||| ||und||
041 _aENG
082 _a624.177
_bDA-S
100 _aDayaratnam, P
245 0 _aStructural engineering through objective questions
250 _a5th Ed.
260 _c1981
_aNew York
_bTata McGraw Hill Education Limited
650 _aCivil Engineering
942 _cBK
999 _c1092
_d1092